Les 7 royaumes combattants de la Chine ancienne - Statistiques

Statistiques générales
  • Ce quiz a été pris 134 fois
  • Le résultat moyen est 5 sur 7
Statistiques - réponses
Royaumes de la Chine ancienne % Correct
Qi
96%
Qin
84%
Zhao
77%
Wei
75%
Chu
73%
Han
73%
Yan
60%
Aucun quiz correspondant
Distribution des résultats
% des personnes avec chaque résultat
Percentile par nombre de réponses
Votre historique - résultats
Vous n’avez pas pris ce quiz